| 000 | 01040nas a2200337 4500 | ||
|---|---|---|---|
| 001 | BR2015000715 | ||
| 003 | BR-BrBNA | ||
| 005 | 20231205125009.0 | ||
| 007 | ta | ||
| 008 | 230509b bl.|||p| |||| 00| 00por d | ||
| 040 |
_aBR-BrBNA _bpor _cBiblioteca Nacional de Agricultura |
||
| 041 | _a(Pt) | ||
| 072 | _aL52 | ||
| 100 | 1 | _aAnjos, T.M. | |
| 100 | 1 | _aVeado, J.C.C. | |
| 100 | 1 | _aCastro, M.C.N. | |
| 100 | 1 | _aDiniz, S.A. | |
| 100 | 1 | _aRocha, G.S.L. | |
| 100 | 1 | _aSilva, E.F. | |
| 100 | 1 | _aAraújo, C.A.V. | |
| 100 | 1 | _aFreitas, C.D. | |
| 100 | 1 | _aMaia, M.Q. | |
| 100 | 1 | _aTavares, C.A.P. | |
| 245 | 1 | _aAvaliação e comparação entre métodos de mensuração de pressão arterial sistólica em gatos hígidos anestesiados | |
| 650 | _aGATO | ||
| 650 | _aPRESSÃO ARTERIAL | ||
| 650 | _aANESTESIA | ||
| 773 | 0 |
_tArquivo Brasileiro de Medicina Veterinária e Zootecnia (Brazil) _xISSN 0102-0935 _g(Aug 2014), v. 66(4) p. 1051-1059 _wBR2015000715 |
|
| 909 |
_a202311 _bLúcia _c55 _dLúcia Elande |
||
| 942 |
_2AGRIS _n0 _cANA |
||
| 999 |
_c242050 _d242050 |
||